Maga teremtette utakon jár a portréfotózásban március tizennegyedike és huszadika között Fényözön a pozsonyi Tatra moziban

Bibliographic Details
Main Authors: Szabó, László G., 1955- (ain), Kovács, Zita (Author, uin)
Format: Article
Language:Hungarian
Subjects:

MARC

LEADER 00000nab a2200000 a 4500
001 vtls000720086
003 SK-MaSNL
005 20260319074440.0
008 160321c2000 xo 0 hun
015 |a SNBRB2000/04-11109 
035 |a CLN000072253 
040 |a SNKBUCL  |b slo  |c SNKBUCL  |e AACR2 
041 0 |a hun 
044 |a xo  |c SK 
080 |a 77.04-051  |2 UDC-MRF-SK2 
080 |a 77.041.5  |2 UDC-MRF-SK2 
080 |a 929 Kovács, Zita  |2 UDC-MRF-SK2 
100 1 |a Szabó, László G.,  |d 1955-  |4 ain  |9 840019 
245 1 0 |a Maga teremtette utakon jár a portréfotózásban  |b március tizennegyedike és huszadika között Fényözön a pozsonyi Tatra moziban  |c Szabó G. László, Kovács Zita 
300 |b Fotogr. 
600 1 7 |a Kovács, Zita  |2 snkbucl  |9 892620 
655 7 |a články z novín a časopisov  |2 snkbucl  |9 267496 
700 1 |a Kovács, Zita  |4 aut  |4 uin  |9 892620 
773 0 |t Új szó  |g Roč. 53, č. 53 (4.3.2000), s. 11 
850 |a Slovenská národná knižnica v Martine 
852 |a SNK  |b KIS3GCP 
958 |a HU 
958 |a BC 
958 |a RBX 
999 |c 1451021  |d 1452951